000 00321nam a2200133Ia 4500
005 20260328104319.0
008 260328s9999||||xx |||||||||||||| ||und||
100 _aRojas, Edward
245 0 _aUna Arquitectura del lugar /
_cEdward Rojas
260 _bAltazor
300 _a248 p.
650 _aARQUITECTOS
942 _cBK
999 _c11264
_d11264